| 000 | 00550nam a2200169 a 4500 | ||
|---|---|---|---|
| 005 | 20240924063939.0 | ||
| 008 | 991125s1971 fr 000 0 fre u | ||
| 035 | _aUPN01000023111 | ||
| 049 | _aCG | ||
| 050 | 4 |
_aLB2806.25 _bV5.3 |
|
| 100 | 1 |
_aViet, Jean, _d1920-1987 _943134 |
|
| 245 | 1 | 0 |
_aEudised : _brapport du groupe directeur 1971 / _cJean Viet |
| 260 |
_aStrasbourg, Fra. : _bCentre de Documentation pour l'Education en Europe : _bCounseil de l'Europe, _c1971. |
||
| 300 | _a43 p. | ||
| 650 | 4 |
_aEducación _xInvestigación _94070 |
|
| 905 | _aLibro | ||
| 999 |
_c23111 _d23111 |
||